000 00593nam a2200217Ia 4500
003 IIN
005 20250521122351.0
008 250521s2024 xx ad 001 0 eng d
020 _cRs.395.00
_a9789356969155
040 _aIIN
_bEnglish
082 _a610.7343
_bKAU
100 1 _aKaur, Baljit
245 1 _aCommunity Health Nursing Procedures/
_cBaljit Kaur
250 _a2nd ed
260 _aNew Delhi
_bJaypee
_c2024
300 _axiv, 162 p.
_bill.
500 _aIncluding Index
650 1 _aCommunity Health Nursing
650 1 _aCommunity Health Nursing
_vProcedures
942 _cBOOK
999 _c1830
_d1830